000 00431nam a22001577a 4500
005 20251108164338.0
008 250721s1997 xx 000 0 ara d
082 1 4 _aق/جكل
100 1 _aجكلي، زينب بيرة
245 1 0 _aشريد عفيف و قصص أخرى /
264 1 _aبيروت :
_bدار ابن حزم،
_c1997.
300 _a86ص
650 1 7 _aالقصص العربية
942 _2ddc
_cBK
999 _c9874
_d9874